00326nam a22001097a 4500008004100000020001500041082001300056100002700069245009400096260001700190300000900207230717b xxu||||| |||| 00| 0 eng d a9231030388 a370bUNE cL.F.B Dubbeldam et al. aInternational Yearbook of educationbVolume XLIV-1994cDevelopment, Culture and Education bUNESCOc1994 a236p